Principles of risk management and insurance / (Record no. 8968)

MARC details
000 -LEADER
fixed length control field 01198cam a22003615i 4500
003 - CONTROL NUMBER IDENTIFIER
control field EG-ScBUE
005 - DATE AND TIME OF LATEST TRANSACTION
control field 20200831115943.0
008 - FIXED-LENGTH DATA ELEMENTS--GENERAL INFORMATION
fixed length control field 100303s2009 maua f b 001 0 eng d
020 ## - INTERNATIONAL STANDARD BOOK NUMBER
International Standard Book Number 9780321468574
020 ## - INTERNATIONAL STANDARD BOOK NUMBER
International Standard Book Number 0321468570
035 ## - SYSTEM CONTROL NUMBER
System control number (OCoLC)ocm74916063
035 ## - SYSTEM CONTROL NUMBER
System control number (OCoLC)74916063
040 ## - CATALOGING SOURCE
Original cataloging agency EG-ScBUE
Language of cataloging eng
Description conventions rda
Transcribing agency EG-ScBUE
Modifying agency EG-ScBUE
082 04 - DEWEY DECIMAL CLASSIFICATION NUMBER
Classification number 368.973
Item number REJ
Edition number 22
100 1# - MAIN ENTRY--PERSONAL NAME
Personal name Rejda, George E.,
Relator term author.
9 (RLIN) 12219
245 10 - TITLE STATEMENT
Title Principles of risk management and insurance /
Statement of responsibility, etc George E. Rejda.
250 ## - EDITION STATEMENT
Edition statement Tenth edition.
250 ## - EDITION STATEMENT
Edition statement International edition.
264 #1 - PUBLICATION, DISTRIBUTION, ETC. (IMPRINT)
Place of publication, distribution, etc Boston :
Name of publisher, distributor, etc Pearson / Addison Wesley,
Date of publication, distribution, etc 2009.
300 ## - PHYSICAL DESCRIPTION
Extent xx, 748 pages :
Other physical details illustrations ;
Dimensions 26 cm.
336 ## - CONTENT TYPE
Content type term text
Content type code txt
Source rdacontent
337 ## - MEDIA TYPE
Media type term unmediated
Media type code n
Source rdamedia
338 ## - CARRIER TYPE
Carrier type term volume
Carrier type code nc
Source rdacarrier
490 0# - SERIES STATEMENT
Series statement Addison-Wesley series in finance
504 ## - BIBLIOGRAPHY, ETC. NOTE
Bibliography, etc Includes bibliographical references and index.
650 #7 - SUBJECT ADDED ENTRY--TOPICAL TERM
Topical term or geographic name as entry element Insurance.
Source of heading or term BUEsh
9 (RLIN) 12220
650 #7 - SUBJECT ADDED ENTRY--TOPICAL TERM
Topical term or geographic name as entry element Insurance
Geographic subdivision United States.
Source of heading or term BUEsh
9 (RLIN) 12223
650 #7 - SUBJECT ADDED ENTRY--TOPICAL TERM
Topical term or geographic name as entry element Risk (Insurance)
Source of heading or term BUEsh
9 (RLIN) 12221
650 #7 - SUBJECT ADDED ENTRY--TOPICAL TERM
Topical term or geographic name as entry element Risk management.
Source of heading or term BUEsh
9 (RLIN) 12222
651 ## - SUBJECT ADDED ENTRY--GEOGRAPHIC NAME
Source of heading or term BUEsh
653 ## - INDEX TERM--UNCONTROLLED
Resource For college BAEPS, Business Administration
Arrived date list August2020
942 ## - ADDED ENTRY ELEMENTS (KOHA)
Koha item type Book - Borrowing
Source of classification or shelving scheme Dewey Decimal Classification
Holdings
Withdrawn status Lost status Source of classification or shelving scheme Damaged status Not for loan Collection code Home library Current library Shelving location Date acquired Source of acquisition Total Checkouts Total Renewals Full call number Barcode Date last seen Date checked out Price effective from Koha item type
    Dewey Decimal Classification     Baccah Central Library Central Library First floor 01/04/2008   15 19 368.973 REJ 000010914 15/07/2025 22/03/2011 01/04/2008 Book - Borrowing
    Dewey Decimal Classification     Baccah Central Library Central Library First floor 01/04/2008   11 32 368.973 REJ 000010913 15/07/2025 17/04/2012 01/04/2008 Book - Borrowing
    Dewey Decimal Classification     Baccah Central Library Central Library First floor 26/03/2009   9 17 368.973 REJ 000015610 15/07/2025 07/02/2017 26/03/2009 Book - Borrowing
    Dewey Decimal Classification     Baccah Central Library Central Library First floor 03/03/2010   6 11 368.973 REJ 000020117 15/07/2025 22/01/2012 03/03/2010 Book - Borrowing
    Dewey Decimal Classification     Baccah Central Library Central Library First floor 03/03/2010   3 28 368.973 REJ 000020118 15/07/2025 01/03/2017 03/03/2010 Book - Borrowing
    Dewey Decimal Classification     Baccah Central Library Central Library First floor 03/03/2010   1   368.973 REJ 000010915 15/07/2025 12/04/2012 03/03/2010 NB - Book (Non borrowing)
    Dewey Decimal Classification     unknown Central Library Central Library First floor 31/08/2020 Purchase     368.973 REJ 000049591 15/07/2025   31/08/2020 Book - Borrowing